<?xml version="1.0" encoding="UTF-8"?>
<record
    xmlns:xsi="http://www.w3.org/2001/XMLSchema-instance"
    xsi:schemaLocation="http://www.loc.gov/MARC21/slim http://www.loc.gov/standards/marcxml/schema/MARC21slim.xsd"
    xmlns="http://www.loc.gov/MARC21/slim">

  <leader>00556cam a2200193 a 4500</leader>
  <controlfield tag="001">sa 68008617 </controlfield>
  <controlfield tag="003">DLC</controlfield>
  <controlfield tag="005">20260227112533.0</controlfield>
  <controlfield tag="008">980925s1948    ii            000 0 mar  </controlfield>
  <datafield tag="010" ind1=" " ind2=" ">
    <subfield code="a">sa 68008617 </subfield>
  </datafield>
  <datafield tag="040" ind1=" " ind2=" ">
    <subfield code="a">DLC</subfield>
    <subfield code="c">DLC</subfield>
  </datafield>
  <datafield tag="050" ind1="0" ind2="0">
    <subfield code="a">PK2418.B425</subfield>
    <subfield code="b">P3</subfield>
  </datafield>
  <datafield tag="100" ind1="1" ind2=" ">
    <subfield code="a">Bho&#x1E37;e, V&#x101;sudeva V&#x101;mana,</subfield>
    <subfield code="d">1893-</subfield>
  </datafield>
  <datafield tag="245" ind1="1" ind2="0">
    <subfield code="a">Pa&#xF1;ca kany&#x101; :</subfield>
    <subfield code="b">laghukath&#x101;sa&#x1E45;graha /</subfield>
    <subfield code="c">V&#x101;. V&#x101;. Bho&#x1E37;e.</subfield>
  </datafield>
  <datafield tag="260" ind1=" " ind2=" ">
    <subfield code="a">N&#x101;gap&#x16B;ra :</subfield>
    <subfield code="b">Suvic&#x101;ra Prak&#x101;&#x15B;ana Ma&#x1E47;da&#x1E37;a,</subfield>
    <subfield code="c">1948.</subfield>
  </datafield>
  <datafield tag="300" ind1=" " ind2=" ">
    <subfield code="a">168 p. ;</subfield>
    <subfield code="c">19 cm.</subfield>
  </datafield>
  <datafield tag="546" ind1=" " ind2=" ">
    <subfield code="a">In Marathi.</subfield>
  </datafield>
  <datafield tag="500" ind1=" " ind2=" ">
    <subfield code="a">Short stories.</subfield>
  </datafield>
  <datafield tag="999" ind1=" " ind2=" ">
    <subfield code="c">82471</subfield>
    <subfield code="d">82471</subfield>
  </datafield>
</record>
